Statystyki dla Oki - PRODUKT47

Kliknij tutaj aby rozwiązać quiz!

Ogólne statystyki

  • Ten quiz został rozwiązany 158 razy
  • Średni wynik to 12 z 17

Statystyki odpowiedzi

NumerTytułGość% Poprawnych
4Jeżyk!
96%
9ADHDTaco Hemingway
92%
3Dzielny PacjentYoung Igi & Sobel
92%
7Jakie To Uczucie?
87%
8Sonic Skit
83%
14Doja Cat
79%
11Pieniądze, Dziewczyny, Zwrotki
79%
2Perły
74%
5Albo Jest Zajebiście Albo Jest SmutnoYoung Igi
72%
6Stado Hartów
68%
1I To Jest Fakt
63%
17Zwariowane Melodie
63%
15Bardziej Sobą Niż Kiedykolwiek
61%
12Fresh Water Soda
57%
13Po Co Ten Foch?Paluch
55%
16Total Bandits PolneHarnol Gang
55%
10Od Środy Do Wtorku
54%

Rozkład punktacji

Percentyl według liczby udzielonych odpowiedzi

Procent ludzi z każdym wynikiem

Twoja historia wyników

Nie rozwiązałeś tego quizu